[Event "CZE-chT2F 1819"]
[Site "Czech Republic"]
[Date "2019.01.13"]
[Round "6.7"]
[White "Keprt, Pavel"]
[Black "Kander, Ladislav"]
[Result "1/2-1/2"]
[WhiteElo "1902"]
[BlackElo "2043"]
[PlyCount "71"]
[EventDate "2018.10.14"]
[EventType "team-tourn"]
[EventRounds "11"]
[EventCountry "CZE"]
[SourceTitle "EXT 2022"]
[Source "ChessBase"]
[SourceDate "2021.10.06"]
[SourceVersion "1"]
[SourceVersionDate "2021.10.06"]
[SourceQuality "1"]
[WhiteTeam "Dobra"]
[BlackTeam "Ostrava Labortech II"]
[WhiteTeamCountry "CZE"]
[BlackTeamCountry "CZE"]

1. e4 Nf6 2. e5 Nd5 3. d4 d6 4. Nf3 Bg4 5. c4 Nb6 6. Be2 e6 7. Nc3 Be7 8. 0-0 0-0 9. b3 Nc6 10. exd6 cxd6 11. Bb2 d5 12. c5 Nd7 13. a3 a5 14. Rc1 Rc8 15. Re1 b6 16. cxb6 Qxb6 17. Na4 Qa7 18. Bb5 Bxf3 19. Qxf3 Qb7 20. Qd3 Na7 21. Bxd7 Qxd7 22. Rxc8 Nxc8 23. Nc5 Qa7 24. Qe3 Nd6 25. Qe5 Rd8 26. Re3 Bf6 27. Qh5 g6 28. Qd1 Rc8 29. Qe2 Kg7 30. g4 h5 31. gxh5 Nf5 32. Rd3 gxh5 33. Qxh5 Rxc5 34. dxc5 Bxb2 35. Qg5+ Kf8 36. Qd8+ 1/2-1/2

[Event "CZE-chT2F 1718"]
[Site "Czech Republic"]
[Date "2017.12.17"]
[Round "5.7"]
[White "Walowy, Bohumir"]
[Black "Kander, Ladislav"]
[Result "1/2-1/2"]
[WhiteElo "2054"]
[BlackElo "1972"]
[PlyCount "50"]
[EventDate "2017.10.15"]
[EventType "team-tourn"]
[EventRounds "11"]
[EventCountry "CZE"]
[SourceTitle "EXT 2022"]
[Source "ChessBase"]
[SourceDate "2021.10.06"]
[SourceVersion "1"]
[SourceVersionDate "2021.10.06"]
[SourceQuality "1"]
[WhiteTeam "Karvina"]
[BlackTeam "Ostrava Labortech II"]
[WhiteTeamCountry "CZE"]
[BlackTeamCountry "CZE"]

1. d4 Nf6 2. Nc3 g6 3. e4 d6 4. f3 Bg7 5. Be3 0-0 6. Qd2 c6 7. 0-0-0 Qa5 8. Kb1 Re8 9. g4 e5 10. dxe5 dxe5 11. Nd5 Qxd2 12. Nxf6+ Bxf6 13. Rxd2 Be6 14. Nh3 Nd7 15. Ng5 Bxg5 16. Bxg5 f6 17. Be3 Rad8 18. Be2 Nb6 19. Rhd1 Rxd2 20. Rxd2 Bc4 21. Bxb6 Bxe2 22. Rxe2 axb6 23. Rd2 Kf7 24. c4 Ke7 25. Kc2 Rd8 1/2-1/2

[Event "CZE-chT2F 1415"]
[Site "Czech Republic"]
[Date "2015.01.11"]
[Round "5.27"]
[White "Kander, Ladislav"]
[Black "Gerych, Jan"]
[Result "1/2-1/2"]
[WhiteElo "1982"]
[BlackElo "2024"]
[PlyCount "50"]
[EventDate "2014.11.02"]
[EventType "team-tourn"]
[EventRounds "11"]
[EventCountry "CZE"]
[SourceTitle "EXT 2022"]
[Source "ChessBase"]
[SourceDate "2021.10.06"]
[SourceVersion "1"]
[SourceVersionDate "2021.10.06"]
[SourceQuality "1"]
[WhiteTeam "Ostrava Labortech II"]
[BlackTeam "Litovel Tatran II"]
[WhiteTeamCountry "CZE"]
[BlackTeamCountry "CZE"]

1. Nf3 Nf6 2. c4 c5 3. Nc3 e6 4. g3 b6 5. Bg2 Bb7 6. 0-0 Be7 7. b3 0-0 8. Bb2 d6 9. Rc1 Nbd7 10. d4 cxd4 11. Qxd4 a6 12. Rfd1 Qc7 13. e4 Rfd8 14. Qe3 Rac8 15. h3 Bf8 16. Nd4 Qb8 17. Kh2 Qa8 18. Rc2 Ne5 19. Qe2 Nc6 20. Rcd2 Nxd4 21. Rxd4 Nd7 22. R4d2 Bc6 23. f4 Be7 24. Nd5 Bf8 25. Nc3 Be7 1/2-1/2

[Event "CZE-chT 0910"]
[Site "Czech Republic"]
[Date "2010.01.16"]
[Round "5.8"]
[White "Fuksik, Jaroslav"]
[Black "Kander, Ladislav"]
[Result "1/2-1/2"]
[WhiteElo "1712"]
[BlackElo "1980"]
[PlyCount "23"]
[EventDate "2009.11.07"]
[EventType "team-tourn"]
[EventRounds "11"]
[EventCountry "CZE"]
[SourceTitle "CBM 135 Extra"]
[Source "ChessBase"]
[SourceDate "2010.05.04"]
[SourceVersion "1"]
[SourceVersionDate "2010.05.04"]
[SourceQuality "1"]
[WhiteTeam "Grygov"]
[BlackTeam "Ostrava"]
[WhiteTeamCountry "CZE"]
[BlackTeamCountry "CZE"]

1. e4 Nf6 2. Nc3 d5 3. exd5 Nxd5 4. Nxd5 Qxd5 5. c3 Nc6 6. d4 e5 7. Be3 Be6 8. Nf3 exd4 9. Nxd4 Nxd4 10. Qxd4 Qxd4 11. Bxd4 0-0-0 12. Be2 1/2-1/2

[Event "CZE-chT1E 0910"]
[Site "Czech Republic"]
[Date "2010.01.10"]
[Round "6.8"]
[White "Kander, Ladislav"]
[Black "Kvicala, Miroslav"]
[Result "1/2-1/2"]
[WhiteElo "1980"]
[BlackElo "2053"]
[PlyCount "136"]
[EventDate "2009.11.15"]
[EventType "team-tourn"]
[EventRounds "11"]
[EventCountry "CZE"]
[SourceTitle "EXT 2011"]
[Source "ChessBase"]
[SourceDate "2010.11.26"]
[SourceVersion "1"]
[SourceVersionDate "2010.11.26"]
[SourceQuality "1"]
[WhiteTeam "Ostrava Geofin"]
[BlackTeam "Trinec"]
[WhiteTeamCountry "CZE"]
[BlackTeamCountry "CZE"]

1. Nf3 f5 2. c4 Nf6 3. Nc3 g6 4. g3 Bg7 5. Bg2 0-0 6. 0-0 d6 7. d4 Nc6 8. Bf4 Ne4 9. Rc1 e5 10. dxe5 dxe5 11. Qxd8 Rxd8 12. Bg5 Nxc3 13. bxc3 Rd6 14. c5 Rd7 15. e4 h6 16. Be3 Rd8 17. Nh4 f4 18. gxf4 exf4 19. Bxf4 g5 20. Bxc7 gxh4 21. Bxd8 Nxd8 22. f4 h3 23. Bf3 Ne6 24. c6 bxc6 25. e5 Ba6 26. Bxc6 Rd8 27. c4 Nd4 28. Bd5+ Kf8 29. Kf2 Ke7 30. Ke3 Nf5+ 31. Ke4 Bc8 32. Rb1 Nh4 33. f5 Nxf5 34. Rxf5 Bxf5+ 35. Kxf5 Rf8+ 36. Ke4 Rf2 37. Rb7+ Kf8 38. Rxa7 Re2+ 39. Kd3 Rxe5 40. Rf7+ Kg8 41. Re7+ Kf8 42. Rf7+ Kg8 43. Rf5+ Kh8 44. Rxe5 Bxe5 45. a4 Kg7 46. c5 Kf8 47. a5 Ke7 48. a6 Bb8 49. Kc4 Kd8 50. Kb5 Kc7 51. Be6 Ba7 52. Bxh3 Bb8 53. Be6 Ba7 54. h4 Bb8 55. h5 Ba7 56. Kc4 Kc6 57. Bd5+ Kc7 58. Bf3 Kd8 59. Kd5 Kc7 60. Be4 Bb8 61. Bd3 Ba7 62. Bb5 Bb8 63. Ke6 Ba7 64. c6 Be3 65. Kf5 Kb8 66. Kg6 Bf4 67. Kf5 Be3 68. Kg6 Bf4 1/2-1/2